• 首页
  • 本馆介绍
  • 公告通知
  • 最新文献
  • 馆藏检索
  • 电子资源
  • 读者导购
  • 参考咨询
  • 我的图书馆
  • 登录
  • 详细信息显示
  • 放入我的书架
  • 预约/预借图书
  • 作者相关作品
  • 分类相关作品
  • 丛书相关作品
  • 出版社相关作品

书目信息

  • 表格格式
  • 工作单格式
  • 卡片格式
题名:
德语报刊阅读
    
 
作者: 桂乾元 编著
分册:  
出版信息: 北京   北京大学出版社  2001
页数: 422页
开本: 20cm
丛书名:
单 册:
中图分类: H339.4
科图分类:
主题词: 报刊--德语--语言读物
电子资源:
ISBN: 7-301-05097-6
000 00559nam0 2200193 450
001 0738171691
005 20070714163110.75
010    @a7-301-05097-6@dCNY23.00
100    @a20070714d2001 km y0chiy0120 ea
101 0  @achi
102    @aCN@b110000
200 1  @a德语报刊阅读@Ade yu bao kan yue du@f桂乾元编著@Fgui qian yuan bian zhu
210    @a北京@c北京大学出版社@d2001@h2003
215    @a422页@d20cm
606 0  @a报刊@x德语@x语言读物
690    @aH339.4@v3
701  0 @a桂乾元@Agui qian yuan@4编著
801  0 @aCN@bPFT@c20070714
905    @a10447@dH339.4@e112
    
    德语报刊阅读/桂乾元编著.-北京:北京大学出版社,2001(2003)
    422页;20cm
    
    
    ISBN 7-301-05097-6:CNY23.00
    
●
相关链接 在E读中查询图书 在五车中查询图书 在当当中查询图书 在豆瓣中查询图书


正题名:德语报刊阅读     索取号:H339.4/112         预约/预借

序号 登录号 条形码 馆藏地/架位号 状态 备注
1 0779224   207792245   第二样本阅览室/ [索取号:H339.4/112] 在馆    
唐山师范学院图书馆 欢迎您!
大连网信软件有限公司© 版权所有